000
00217 a2200109 4500
020
_a
9781933032979
041
_a
spa
100
_a
KINNEY, Jeff
245
_a
DIARIO de Greg 9 EL viaje
942
_c
BK
952
_7
4
_x
ok
999
_c
25941
_d
25941